Un teatro de situaciones /
Guardado en:
| Autor Principal: | |
|---|---|
| Otros Autores: | , |
| Formato: | Libro |
| Publicado: |
Buenos Aires :
Losada,
1979.
|
| Materias: | |
| Etiquetas: |
Agregar Etiqueta
Sin Etiquetas, Sea el primero en etiquetar este registro!
|
| LEADER | 00630nam a22001815a 4500 | ||
|---|---|---|---|
| 001 | EHU.bham052721 | ||
| 008 | 251024s1979####ag############000#0#####d | ||
| 005 | 20251024093158.0 | ||
| 245 | 1 | 0 | |a Un teatro de situaciones / |c Jean-Paul Sartre ; textos escogidos y presentados por Michel Contat, Michel Rybalka. |
| 260 | |a Buenos Aires : |b Losada, |c 1979. | ||
| 300 | |a 286 p. | ||
| 100 | 1 | |a Sartre, Jean-Paul. | |
| 700 | 1 | |a Contat, Michel, comp. | |
| 700 | 1 | |a Rybalka, Michel, comp. | |
| 082 | A | 8 | |a 844.9 Sa77 |
| 653 | |a Teatro-estudios sobre el | ||
| 653 | |a Literatura francesa | ||
| 859 | |a AR-BHAM |b BIB. HUMANIDADES - General |h 844.9 |i Sa77 |p 196.25 |t Ej. 1 | ||
